Responses for show #1842 - Tuesday, September 15, 1992

Contestants

Anthony Keating, an attorney from Olympia, Washington

Rick Korbeck, a network administrator from Cypress, California

Diane O'Keefe, a hospital librarian from Southgate, Michigan (whose 1-day cash winnings total $6,100)

Jeopardy! Round responses

SAINTS
STATE CAPITALS
'50s ROCK LYRICS
FAMOUS WOMEN
SAY CHEESE
WORD ORIGINS
    $100 13
St. Christopher

Rick
    $100 1
Boston

Anthony
    $100 2
(Diane: What is "Puppy Love"?)

"Diana"

DianeAnthony
    $100 24
Elizabeth (II)

Rick
    $100 14
Wisconsin

Rick
    $100 8
sawbuck

Diane
    $200 16
Poland

Diane
    $200 4
Bismarck

Diane
    $200 3
"Charlie Brown"

Diane
    $200 25
the (U.S.) Civil War

Diane
    $200 15
romano

Diane
    $200 9
(Rick: What is a dachshund?)

poodle

RickAnthony
    $300 17
St. Thomas Becket

Anthony
    $300 5
Carson City

Rick
    $300 20
Arkansas

Diane
    $300 26
Ulysses

Rick
    $300 21
Monterey (Jack)

Diane
    $300 10
venom

Diane
    $400 18
Constantine

Diane
    $400 6
Honolulu

Diane
    $400 29
"Earth Angel"

Anthony
    $400 27
(Anthony: Who is St. Teresa?)
(Alex: Anthony, you're perhaps jumping the gun a little bit; she might wind up being canonized as a saint; we don't know!)

Mother Teresa

DianeAnthony
    $400 22
Switzerland

Rick
    $400 11
pekoe

Rick
    $500 19
(Rick: Who was Mary?)

Martha

RickAnthony
    $500 7
Oklahoma City

Diane
    $500 30
(Anthony: What are the stars?)

"Sixteen Candles"

Anthony
Triple Stumper
    $500 28
Anna Sewell

Triple Stumper
    $500 23
goat

Anthony
    $500 12
velvet

Diane

Scores at the first commercial break (after clue 12):

Diane Rick Anthony
$2,100 $500 $400

Scores at the end of the Jeopardy! Round:

Diane Rick Anthony
$4,100 $1,000 $1,200

Double Jeopardy! Round responses

1991
PLANTS & TREES
MUSIC
WRITERS
ECONOMICS
"G"EOGRAPHY
    $200 18
Iran

Anthony
    $200 11
hay fever

Anthony
    $200 16
Australia

Rick
    $200 6
William F. Buckley (Jr.)

Diane
    $200 17
the minimum wage

Diane
    $200 1
Greenwich

Rick
    $400 24
Dallas

Triple Stumper
    $400 12
lime

Rick
    $400 23
Flamenco

Diane
    $400 7
Jackie Collins

Triple Stumper
    $400 25
Das Kapital

Anthony
    $400 2
Greece

Rick
    $600 19
Patrick Buchanan

Anthony
    $600 13
hips

Rick
    $600 30
the "1812 Overture"

Rick
    $600 8
Michael Crichton

Rick
    $600 26
cartel

Rick
    $600 3
(Anthony: What is India?)
(Diane: What is Gambia?)

Ghana

DianeAnthony
Triple Stumper
    $800 20
(Diane: What is TWA?)

Pan Am (Pan American)

DianeAnthony
    $800 14
prickly pear

Anthony
    $800 29
clarinet

Anthony
    $800 9
Ayn Rand

Anthony
    $800 27
Adam Smith

Rick
    $800 4
(Anthony: What is Mexico City?)

Guadalajara

RickAnthony
    $2,000 21
(Anthony: Um...Lamar Alexander?)

Samuel Skinner

Anthony
    $1000 15
(Anthony: What is sorghum?)

Sphagnum

Anthony
Triple Stumper
    $1,000 22
(Anthony: What is a half note?)
(Alex: We'll accept that, & we have less than a minute to go in this round.)

1/2

Anthony
    $1000 10
P.G. Wodehouse

Diane
    $1000 28
John Maynard Keynes

Anthony
    $1000 5
Granada

Diane

Scores at the end of the Double Jeopardy! Round:

Diane Rick Anthony
$5,500 $6,200 $3,400

[wagering suggestions for these scores]

Final Jeopardy! Round responses

PSYCHOLOGY
AnthonyWho is Oedipus?
$0
DianeWho is Oedipus?
$4,000
RickWho was Theseus?
$4,801
Oedipus

Final scores:

Diane Rick Anthony
$9,500 $1,399 $3,400
2-day champion: $15,600 3rd place: Daniel Mink Bolero watch collection 2nd place: DIA Fantasy Console mirror & Martin Lawrence Galleries seragraph

Game dynamics:

Coryat scores:

Diane Rick Anthony
$5,500 $6,200 $5,400
19 R
(including 1 DD),
3 W
17 R,
2 W
17 R
(including 1 DD),
6 W
(including 1 DD)

Combined Coryat: $17,100

The J! Archive is created by fans, for fans. The Jeopardy! game show and all elements thereof, including but not limited to copyright and trademark thereto, are the property of Jeopardy Productions, Inc. and are protected under law. This website is not affiliated with, sponsored by, or operated by Jeopardy Productions, Inc. Join the discussion at JBoard.tv.